Implementation of maternity benefit act (Record no. 503974)

000 -LEADER
fixed length control field 00327cam a22001097a 4500
008 - FIXED-LENGTH DATA ELEMENTS--GENERAL INFORMATION
fixed length control field 180718b2012 xxu||||| |||| 00| 0 eng d
082 ## - DEWEY DECIMAL CLASSIFICATION NUMBER
Classification number R17x54 B18/099
100 ## - MAIN ENTRY--PERSONAL NAME
Personal name Bala, Shashi
245 ## - TITLE STATEMENT
Title Implementation of maternity benefit act
Statement of responsibility, etc. by Shashi Bala
260 ## - PUBLICATION, DISTRIBUTION, ETC.
Place of publication, distribution, etc. Noida
Name of publisher, distributor, etc. V.V. Giri National labour institute
Date of publication, distribution, etc. 2012
300 ## - PHYSICAL DESCRIPTION
Extent 96p.
Holdings
Withdrawn status Lost status Damaged status Not for loan Permanent Location Current Location Date acquired Full call number Barcode Date last seen Price effective from Koha item type
        Indian Institute of Public Administration Indian Institute of Public Administration 2018-08-04 R17x54 B18/099 GR20376 2018-08-04 2018-08-04 GR

Powered by Koha